[Event "45th Olympiad Budapest 2024"]
[Site "Budapest"]
[Date "2024.09.20"]
[Round "9.3"]
[White "Junior, Domingos"]
[Black "Zhao, Zong-Yuan"]
[Result "1/2-1/2"]
[WhiteElo "2183"]
[BlackElo "2478"]
[PlyCount "211"]
[EventDate "2024.09.11"]
[EventType "team"]
[EventRounds "11"]
[EventCountry "HUN"]
[WhiteTeam "Angola"]
[BlackTeam "Australia"]
[WhiteTeamCountry "ANG"]
[BlackTeamCountry "AUS"]

1. e4 c5 2. Nf3 d6 3. d4 cxd4 4. Nxd4 Nf6 5. Nc3 a6 6. Be2 e5 7. Nb3 Be7 8. Be3 Be6 9. Nd5 Nxd5 10. exd5 Bf5 11. c4 O-O 12. O-O Nd7 13. Kh1 ({RR} 13. f4 exf4 14. Bxf4 Bg6 15. Qd2 Bf6 16. Bxd6 Re8 17. c5 Ne5 18. Rae1 b6 19. Kh1 bxc5 20. Bxc5 a5 21. Bb5 a4 22. Nc1 Ra5 23. Bxe8 Rxc5 24. Bxa4 Rxd5 25. Qe3 h6 26. Bb3 Rd2 27. Re2 Rxe2 {Morefield,J (2209)-Womacka,M (2360) chess.com INT 2024 1-0 (34)}) 13... Bg5 14. f4 $146 ({RR} 14. Rc1 Bxe3 15. fxe3 Qg5 16. Bd3 e4 17. Bb1 Ne5 18. Nd4 Bg6 19. Rf4 Rac8 20. Qf1 Nd3 21. Bxd3 exd3 22. b3 b5 23. Nc6 bxc4 24. bxc4 Rb8 25. Qf2 Rfe8 26. Nxb8 Rxb8 27. h3 h5 28. c5 Qxd5 {Fiorito,F (2348)-Dyulgerov,V (2200) chess.com INT 2023 1-0 (77)}) 14... exf4 15. Bxf4 Bxf4 16. Rxf4 Bg6 17. Bd3 Qg5 18. Rf1 Ne5 19. Bxg6 hxg6 20. Qd4 Rfe8 21. Na5 b5 22. Rae1 Rec8 23. b3 bxc4 24. Nxc4 Nxc4 25. bxc4 Rc7 26. Rf3 Rac8 27. Rc3 Rc5 28. Kg1 a5 29. Qe4 Qd8 30. Rce3 Rxc4 31. Qxc4 Rxc4 32. Re8+ Qxe8 33. Rxe8+ Kh7 34. Rd8 Rc1+ 35. Kf2 Rc2+ 36. Kf3 Rxa2 37. Rxd6 Rd2 38. Rd8 g5 39. d6 f5 40. h3 Kg6 41. Ra8 Rd3+ 42. Ke2 Rxd6 43. Rxa5 Kf6 44. Ke3 Rb6 45. Kf3 Kg6 46. Rc5 Ra6 47. Rb5 Kf6 48. Kf2 g6 49. Kf3 Ra3+ 50. Kf2 Ra4 51. Rb6+ Kg7 52. Kf3 Re4 53. Ra6 Kf7 54. Rb6 Re6 55. Rb5 Kf6 56. Ra5 Rb6 57. Kf2 Ke6 58. Kf3 Kf6 59. Kf2 Rc6 60. Kf3 Rc4 61. Rb5 Kg7 62. Rb7+ Kh6 63. Rb8 g4+ 64. hxg4 Rxg4 65. Rb3 Kh5 66. Rb8 Ra4 67. Rh8+ Kg5 68. g3 Ra6 69. Rh4 Re6 70. Rh8 Re1 71. Rh4 Rf1+ 72. Kg2 Ra1 73. Kf3 Ra8 74. Kf2 Rd8 75. Kf3 Rd6 76. Ra4 Rc6 77. Rh4 Rc3+ 78. Kf2 Rd3 79. Rf4 Kf6 80. Ra4 Ke5 81. Ra6 g5 82. Ra2 Rc3 83. Ra5+ Ke4 84. Ra4+ Kd3 85. Ra5 Rc2+ 86. Kf3 g4+ 87. Kf4 Rf2+ 88. Kg5 Ke4 89. Ra4+ Ke3 90. Ra5 Rf3 91. Kh4 Kf2 92. Ra2+ Kg1 93. Ra1+ Rf1 94. Ra5 Kg2 95. Ra2+ Rf2 96. Ra3 Kh2 97. Rb3 Re2 98. Ra3 Rd2 99. Rb3 Kg2 100. Ra3 Re2 101. Ra5 Rf2 102. Ra3 Rf1 103. Ra2+ Kg1 104. Ra5 Kh1 105. Ra2 Kg1 106. Ra5 1/2-1/2

[Event "45th Olympiad Budapest 2024"]
[Site "Budapest"]
[Date "2024.09.20"]
[Round "9.4"]
[White "Smerdon, David C"]
[Black "Domingos, Catarino"]
[Result "1-0"]
[WhiteElo "2475"]
[BlackElo "2229"]
[PlyCount "59"]
[EventDate "2024.09.11"]
[EventType "team"]
[EventRounds "11"]
[EventCountry "HUN"]
[WhiteTeam "Australia"]
[BlackTeam "Angola"]
[WhiteTeamCountry "AUS"]
[BlackTeamCountry "ANG"]

1. e4 e5 2. Nf3 d6 3. d4 Nd7 4. Bc4 Be7 5. dxe5 Nxe5 6. Nxe5 dxe5 7. Qh5 Qd7 $146 ({RR} 7... Qd4 8. Qxf7+ Kd8 9. Nc3 Nh6 10. Bxh6 Rf8 11. Be3 Rxf7 12. Bxd4 exd4 13. Bxf7 dxc3 14. O-O-O+ Bd7 15. Be6 {1-0 (15) Koberl,F-Ban,J Budapest 1952}) ({RR} 7... Qd4 8. Qxf7+ Kd8 9. Nc3 Nh6 10. Bxh6 Rf8 11. Be3 Rxf7 12. Bxd4 exd4 13. Bxf7 {1-0 (13) Emodi,G (2415)-Kosa,L (2225) Hungary 1999}) ({RR} 7... Be6 8. Bxe6 {1-0 (8) Golubev,M (2461)-Szente Varga,F (2075) chess.com INT 2023}) ({RR} 7... Qd4 8. Qxf7+ Kd8 9. Nc3 Bd7 10. Be3 Be8 11. Qxg7 Qxc4 12. O-O-O+ Bd6 13. Qxh8 Bg6 14. Qxe5 {1-0 (14) Hindle,O-Wheatcroft,T Bath/ Somerset 1963}) ({RR} 7... Qd4 8. Qxf7+ Kd8 9. Qd5+ Qxd5 10. exd5 Bf5 11. Bb3 Nf6 12. O-O Bc5 13. Nc3 a6 14. Nd1 Kd7 15. Be3 Bd6 16. h3 Ne4 17. Rc1 Rhf8 18. Bc4 Nf6 19. a3 h6 20. Ba2 b5 21. Nc3 Bh7 22. Rfd1 {Bennett,G-Eley,B Eastbourne/ East Sussex 1973 1-0 (42)}) 8. Qxf7+ Kd8 9. O-O Bf6 10. Qh5 Qe8 11. Rd1+ Ke7 12. Qf3 Qg6 13. Qa3+ Ke8 14. Nc3 c6 15. Rd3 Be7 16. Qa5 Qh5 17. Bf4 b5 18. Nxb5 cxb5 19. Qxb5+ Kf8 20. Bxe5 Nf6 21. Bxf6 Qxb5 22. Bxe7+ Kxe7 23. Bxb5 Rb8 24. Rd5 a6 25. Bc4 Rxb2 26. Bb3 Rf8 27. Rad1 Rf4 28. Rc5 Rf8 29. f4 g6 30. Rc7+ 1-0

[Event "45th Olympiad Budapest 2024"]
[Site "Budapest"]
[Date "2024.09.20"]
[Round "9.1"]
[White "Duran Vega, Sergio"]
[Black "Bogner, Sebastian"]
[Result "1/2-1/2"]
[WhiteElo "2308"]
[BlackElo "2545"]
[PlyCount "125"]
[EventDate "2024.09.11"]
[EventType "team"]
[EventRounds "11"]
[EventCountry "HUN"]
[WhiteTeam "Costa Rica"]
[BlackTeam "Switzerland"]
[WhiteTeamCountry "CRI"]
[BlackTeamCountry "SUI"]

1. d4 Nf6 2. c4 e6 3. g3 Bb4+ 4. Nd2 c5 5. a3 Bxd2+ 6. Qxd2 cxd4 7. Nf3 d5 8. Qxd4 Nc6 9. Qh4 e5 10. cxd5 Qxd5 11. Bg5 $146 ({RR} 11. Bg2 e4 12. Nd2 Nd4 13. O-O Bf5 14. g4 Nxe2+ 15. Kh1 Nxc1 16. gxf5 Qxd2 17. Raxc1 O-O 18. Bxe4 Qxb2 19. Rg1 Nxe4 20. Qxe4 Rae8 21. Qf4 Qf6 22. Rg5 Re5 23. Rcg1 g6 24. h4 Kh8 25. h5 Rxf5 {Troff,K (2428)-Ludwig,D (2479) Rockville 2013 0-1 (45)}) 11... Ng4 12. h3 e4 13. Rd1 Qc5 14. hxg4 exf3 15. Be3 Qe5 16. exf3 Qxb2 17. Bd3 Be6 18. O-O Qxa3 19. Qg5 Qc3 20. Be4 O-O 21. Kg2 h6 22. Qh5 Qe5 23. g5 Bf5 24. Rd5 Bg6 25. Qh4 Qe6 26. gxh6 Bxe4 27. hxg7 Bxf3+ 28. Kg1 f6 29. Qh8+ Kf7 30. gxf8=Q+ Rxf8 31. Qh7+ Ke8 32. Rb5 Ne5 33. Rxb7 Bxb7 34. Qxb7 Qc6 35. Rb1 Rf7 36. Qxc6+ Nxc6 37. Kg2 Kd7 38. Kf3 Ke6 39. Ra1 a5 40. Bb6 Rb7 41. Bxa5 Nxa5 42. Rxa5 Rb4 43. Ra6+ Kf5 44. g4+ Kg5 45. Ra5+ Kg6 46. Kg3 Rb3+ 47. f3 Rb1 48. Ra3 Rb6 49. f4 Rb1 50. Kh4 Rh1+ 51. Rh3 Rf1 52. f5+ Kg7 53. Rc3 Rh1+ 54. Kg3 Rg1+ 55. Kf4 Kf7 56. Rc7+ Kf8 57. Ke4 Rxg4+ 58. Kd5 Ra4 59. Rd7 Ke8 60. Rc7 Kf8 61. Rd7 Ke8 62. Rc7 Kf8 63. Rd7 1/2-1/2

[Event "45th Olympiad Budapest 2024"]
[Site "Budapest"]
[Date "2024.09.20"]
[Round "9.2"]
[White "Pelletier, Yannick"]
[Black "Valdes Romero, Leonardo"]
[Result "1-0"]
[WhiteElo "2526"]
[BlackElo "2347"]
[PlyCount "181"]
[EventDate "2024.09.11"]
[EventType "team"]
[EventRounds "11"]
[EventCountry "HUN"]
[WhiteTeam "Switzerland"]
[BlackTeam "Costa Rica"]
[WhiteTeamCountry "SUI"]
[BlackTeamCountry "CRI"]

1. c4 Nf6 2. Nc3 g6 3. e4 d6 4. d4 Bg7 5. Be2 O-O 6. Nf3 e5 7. O-O Nc6 8. d5 Ne7 9. b4 c6 10. dxc6 Nxc6 11. a3 a5 12. Rb1 axb4 13. axb4 Nd4 14. Be3 Re8 $146 ({RR} 14... Nxe2+ 15. Qxe2 Be6 16. Rfd1 Qc8 17. c5 Rd8 18. Rbc1 d5 19. Nxe5 Nxe4 20. Nxe4 dxe4 21. Nc4 Rxd1+ 22. Rxd1 Ra1 23. Rxa1 Bxa1 24. Nd6 Qc6 25. h3 Be5 {½-½ (25) Jelen,I (2385)-Hasanagic,A (2171) Ljubljana 2014}) 15. Nxd4 exd4 16. Bxd4 Nxe4 17. Bxg7 Kxg7 18. Nd5 Nf6 19. Ne3 Qe7 20. Bf3 Kg8 21. h3 Be6 22. Qd4 Rab8 23. Rfd1 Red8 24. Qb6 Ne8 25. Rd4 Rdc8 26. Rbd1 Qc7 27. Qb5 Qe7 28. h4 h5 29. g3 Kg7 30. Rf4 Rc7 31. Qb6 Rd7 32. Bc6 Rdd8 33. Bxe8 Qxe8 34. Rxd6 Rxd6 35. Qxd6 Kg8 36. Rd4 Rc8 37. c5 Qa4 38. Qb6 Kg7 39. Rd6 Qa1+ 40. Rd1 Qb2 41. Qa5 Kh7 42. Ra1 Qd4 43. Qa3 Qe4 44. Rd1 Qf3 45. Qa1 Re8 46. Qe5 Ra8 47. Qf4 Qe2 48. Qf6 Re8 49. Rd6 Ra8 50. Kg2 Qe1 51. Rxe6 fxe6 52. Qf7+ Kh8 53. Qf6+ Kh7 54. Qf7+ Kh8 55. Qxg6 Ra1 56. Qxh5+ Kg7 57. Qg5+ Kf7 58. Qf4+ Kg7 59. Qe5+ Kf7 60. Qf4+ Kg7 61. Qc7+ Kg8 62. Qb8+ Kg7 63. Qxb7+ Kg8 64. Qb8+ Kh7 65. Qc7+ Kg8 66. Qd8+ Kf7 67. Qd7+ Kf8 68. Qd6+ Kf7 69. Qd7+ Kf8 70. Kf3 Ra2 71. Qd6+ Kf7 72. Qd7+ Kf8 73. Qd6+ Kf7 74. Ng4 Rd2 75. Ne5+ Kf6 76. Ng4+ Kf7 77. Qf4+ Ke8 78. Qe4 Qh1+ 79. Kf4 Qxe4+ 80. Kxe4 Rb2 81. Ne5 Rxb4+ 82. Ke3 Rb1 83. f4 Rc1 84. c6 Rc3+ 85. Kd4 Rc1 86. h5 Ke7 87. g4 Kd6 88. h6 Rh1 89. g5 Kc7 90. g6 Rxh6 91. g7 1-0

[Event "45th Olympiad Budapest 2024"]
[Site "Budapest"]
[Date "2024.09.20"]
[Round "9.3"]
[White "Jimenez Garcia, Emmanuel"]
[Black "Georgiadis, Nico"]
[Result "1-0"]
[WhiteElo "2352"]
[BlackElo "2510"]
[PlyCount "115"]
[EventDate "2024.09.11"]
[EventType "team"]
[EventRounds "11"]
[EventCountry "HUN"]
[WhiteTeam "Costa Rica"]
[BlackTeam "Switzerland"]
[WhiteTeamCountry "CRI"]
[BlackTeamCountry "SUI"]

1. Nf3 d5 2. d4 Nf6 3. e3 c5 4. Be2 Nc6 5. O-O Bg4 6. h3 Bh5 7. Nbd2 e6 8. c3 Rc8 9. a3 a6 10. b4 $146 ({RR} 10. dxc5 Bxc5 11. b4 Bd6 12. Bb2 Bxf3 13. Nxf3 Ne5 14. Nd2 O-O 15. f4 Nc4 16. Nxc4 dxc4 17. Bf3 Qc7 18. Qc2 e5 19. g3 Rfe8 20. Rae1 Re7 21. Bc1 Rce8 22. Qf2 h6 23. a4 exf4 24. exf4 Ne4 {Aravindh,C (2649)-Csonka,B (2469) chess.com INT 2023 0-1 (47)}) 10... cxd4 11. cxd4 Bd6 12. Bb2 O-O 13. Nb3 a5 14. b5 Bxf3 15. Bxf3 Ne7 16. a4 b6 17. Nc1 Ne4 18. Nd3 f6 19. Qe2 Bb4 20. Rfc1 Qd6 21. Nxb4 axb4 22. Qd3 f5 23. Bd1 f4 24. Rxc8 Rxc8 25. f3 Nc3 26. e4 Rc4 27. Kh2 Nxd1 28. Rxd1 Qc7 29. Rd2 dxe4 30. fxe4 Ng6 31. a5 f3+ 32. g3 bxa5 33. b6 Qc6 34. b7 Qxb7 35. Qxc4 Qxe4 36. Qc8+ Nf8 37. Qc2 Qe1 38. Rf2 a4 39. Rxf3 a3 40. Qf2 Qxf2+ 41. Rxf2 Nd7 42. Bxa3 bxa3 43. Ra2 e5 44. d5 Nb6 45. d6 Kf7 46. Rxa3 Ke6 47. Ra7 Nd7 48. Ra6 g6 49. g4 Nc5 50. Rc6 Ne4 51. Rc7 h5 52. Rg7 hxg4 53. Rxg6+ Kd7 54. h4 g3+ 55. Kg2 Nxd6 56. Kxg3 Ke7 57. h5 Ne4+ 58. Kg4 1-0

[Event "45th Olympiad Budapest 2024"]
[Site "Budapest"]
[Date "2024.09.20"]
[Round "9.4"]
[White "Kurmann, Oliver"]
[Black "Cabezas Solano, David Alejandro"]
[Result "1/2-1/2"]
[WhiteElo "2421"]
[BlackElo "2248"]
[PlyCount "60"]
[EventDate "2024.09.11"]
[EventType "team"]
[EventRounds "11"]
[EventCountry "HUN"]
[WhiteTeam "Switzerland"]
[BlackTeam "Costa Rica"]
[WhiteTeamCountry "SUI"]
[BlackTeamCountry "CRI"]

1. e4 c5 2. Nf3 d6 3. Bb5+ Bd7 4. a4 Nf6 5. d3 g6 6. e5 dxe5 7. Nxe5 Bg7 8. Qf3 Qc8 9. O-O O-O 10. Nxd7 $146 ({RR} 10. Re1 Be6 11. a5 Bd5 12. Qd1 e6 13. Nc3 Bc6 14. Bc4 Bd5 15. Bg5 Nbd7 16. Bxd5 Nxd5 17. Nxd5 exd5 18. Ng4 Qc6 19. Qf3 f6 20. Bf4 Ne5 21. Bxe5 fxe5 22. Qg3 e4 23. dxe4 dxe4 24. Rad1 Rad8 {Hess,R (2590)-Tan,M (1998) Philadelphia 2010 1-0 (44)}) ({RR} 10. Re1 Be6 11. Nc3 Na6 12. Bxa6 bxa6 13. h3 Re8 14. Bf4 Rb8 15. b3 Qb7 16. Qe2 Nd5 17. Bd2 Nxc3 18. Bxc3 Bd5 19. f3 Rbd8 20. Rad1 Qc8 21. Qd2 f6 22. Nc4 e5 23. Ba5 Rd7 24. Qf2 Qc6 {Shirazi,K (2450)-Wilder,M (2465) Estes Park 1986 ½-½ (82)}) ({RR} 10. h3 a6 11. Bxd7 Nbxd7 12. Re1 Nxe5 13. Rxe5 e6 14. a5 c4 15. dxc4 Qxc4 16. c3 Nd5 17. Re1 Rfd8 18. Nd2 Qc6 19. Qe4 Rac8 20. Nf3 Qc4 21. Qxc4 Rxc4 22. Ne5 Rc5 23. Nd3 Rc4 24. Ne5 Rc5 {Kiolbasa,O (2160)-Kokoszczynski,J (2265) Ustron 2020 ½-½}) 10... Nfxd7 11. Nd2 Nc6 12. c3 Nde5 13. Qg3 Rd8 14. f4 a6 15. Bxc6 Nxc6 16. a5 Qf5 17. Rf3 Rd7 18. Qh3 Rad8 19. Qxf5 gxf5 20. Nc4 Rxd3 21. Rxd3 Rxd3 22. Be3 Bh6 23. Kf2 e6 24. Ke2 Rd7 25. g3 Bf8 26. Ra4 Be7 27. Nd2 Bd8 28. Nc4 Be7 29. Nd2 Bd8 30. Nc4 Be7 1/2-1/2

[Event "45th Olympiad Budapest 2024"]
[Site "Budapest"]
[Date "2024.09.20"]
[Round "9.1"]
[White "Tin, Jingyao"]
[Black "Arab, Adlane"]
[Result "1-0"]
[WhiteElo "2580"]
[BlackElo "2477"]
[PlyCount "123"]
[EventDate "2024.09.11"]
[EventType "team"]
[EventRounds "11"]
[EventCountry "HUN"]
[WhiteTeam "Singapore"]
[BlackTeam "Algeria"]
[WhiteTeamCountry "SIN"]
[BlackTeamCountry "ALG"]

1. Nf3 Nf6 2. g3 b6 3. Bg2 Bb7 4. O-O e6 5. c4 Be7 6. Qc2 O-O 7. Rd1 c5 8. Nc3 Nc6 9. d4 cxd4 10. Nxd4 $146 ({RR} 10. Nb5 a6 11. Nbxd4 Qc7 12. Bf4 d6 13. Nxc6 Bxc6 14. Rac1 Rfd8 15. b4 Qb7 16. Qb3 Rac8 17. a4 Be4 {½-½ (17) Pithart,F-Augustin,J Pardubice 1965}) 10... Nxd4 11. Rxd4 Bxg2 12. Kxg2 Qc7 13. Qd3 Rac8 14. Kg1 a6 15. Bd2 Rfd8 16. Rd1 h6 17. Qf3 e5 18. Rg4 h5 19. Rh4 Qc6 20. Bg5 Qxf3 21. exf3 d5 22. cxd5 Nxd5 23. Nxd5 Bxg5 24. Re4 Rc1 25. Rxc1 Bxc1 26. Rxe5 Bxb2 27. Rxh5 b5 28. Nb4 Rd6 29. Rd5 Re6 30. Rd8+ Kh7 31. Ra8 Re1+ 32. Kg2 Re2 33. Rxa6 Bd4 34. Nd3 b4 35. Kh3 Bxf2 36. Nxb4 Bg1 37. Kg4 Rxh2 38. Nd3 g6 39. Ne5 Kg7 40. Kf4 Re2 41. Nc4 Bh2 42. Kg4 Bg1 43. f4 Bd4 44. Rd6 Bc3 45. a4 Ra2 46. Rd7 Rxa4 47. Nd6 Rd4 48. Rxf7+ Kh6 49. Rd7 Rd2 50. Nf7+ Kg7 51. Rc7 Bb2 52. Ne5+ Kh6 53. Nf3 Rd5 54. Ng5 Bg7 55. Kh4 Rf5 56. Rb7 Rf6 57. Kg4 Rf5 58. Kf3 Ra5 59. g4 Ra3+ 60. Kg2 Rd3 61. Ne6 Bc3 62. Nf8 1-0

[Event "45th Olympiad Budapest 2024"]
[Site "Budapest"]
[Date "2024.09.20"]
[Round "9.2"]
[White "Brahami, Lamine"]
[Black "Siddharth, Jagadeesh"]
[Result "0-1"]
[WhiteElo "2188"]
[BlackElo "2514"]
[PlyCount "92"]
[EventDate "2024.09.11"]
[EventType "team"]
[EventRounds "11"]
[EventCountry "HUN"]
[WhiteTeam "Algeria"]
[BlackTeam "Singapore"]
[WhiteTeamCountry "ALG"]
[BlackTeamCountry "SIN"]

1. d4 Nf6 2. c4 e6 3. Nf3 h6 4. g3 Bb4+ 5. Nbd2 O-O 6. Bg2 d5 7. O-O b6 8. a3 Be7 9. Qc2 Bb7 10. cxd5 ({RR} 10. Ne5 c5 11. Nb3 cxd4 12. Nxd4 Bd6 13. Nd3 Nc6 14. Nb5 dxc4 15. Nxd6 Qxd6 16. Qxc4 Na5 17. Qb4 Qxb4 18. axb4 Bxg2 19. Kxg2 Nb3 20. Ra4 Rfc8 21. Be3 Ng4 22. Ra3 Nxe3+ 23. fxe3 Nd2 24. Rfa1 Rc7 {Vidyarthi,V (2414)-Zeng,C (2571) Riga LAT 2024 ½-½ (60)}) 10... Bxd5 $146 ({RR} 10... exd5 11. Ne5 c5 12. dxc5 bxc5 13. b3 Bd6 14. Nd3 Nbd7 15. Nf4 Qc7 16. Nf3 a5 17. Rd1 Rfb8 18. Ne1 d4 19. e3 Bxf4 20. gxf4 Bxg2 21. Nxg2 Qb7 22. Rb1 Qe4 23. Rb2 Qd5 24. exd4 cxd4 25. b4 {Jonkman,H (2323)-Fedoseev,V (2674) Sant Ferran de ses Roques ESP 2023 0-1 (31)}) 11. e4 Bb7 12. e5 Nd5 13. Ne4 Nd7 14. Bd2 c5 15. dxc5 bxc5 16. Rfe1 Rb8 17. Nc3 Qb6 18. Na4 Qa6 19. Nc3 Bc6 20. Nxd5 Bxd5 21. Bc3 Qb7 22. Re3 Nb6 23. Ne1 c4 24. Bd4 Rfc8 25. Rd1 Bc5 26. Re2 a5 27. Bxd5 Qxd5 28. Be3 Qc6 29. Bxc5 Qxc5 30. Ng2 Nd5 31. Ne3 c3 32. Nxd5 Rxb2 33. Qxc3 Rxe2 34. Qf3 Rxe5 35. Nf4 Rf5 36. Qe2 Rxf4 37. gxf4 Qxa3 38. Qe4 Rc1 39. Rxc1 Qxc1+ 40. Kg2 Qc5 41. Kg3 Qf5 42. Qa4 Kh7 43. h3 Qd5 44. Qc2+ f5 45. Qa4 Qd3+ 46. f3 Qf1 0-1

[Event "45th Olympiad Budapest 2024"]
[Site "Budapest"]
[Date "2024.09.20"]
[Round "9.3"]
[White "Wong, Zhenyong Jayden"]
[Black "Boulrens, Ala Eddine"]
[Result "1-0"]
[WhiteElo "2397"]
[BlackElo "2137"]
[PlyCount "141"]
[EventDate "2024.09.11"]
[EventType "team"]
[EventRounds "11"]
[EventCountry "HUN"]
[WhiteTeam "Singapore"]
[BlackTeam "Algeria"]
[WhiteTeamCountry "SIN"]
[BlackTeamCountry "ALG"]

1. Nf3 d5 2. g3 c5 3. Bg2 Nf6 4. O-O Nc6 5. d4 cxd4 6. Nxd4 Bd7 7. c4 e6 ({RR} 7... e5 8. Nxc6 Bxc6 9. cxd5 Nxd5 10. Qb3 Bc5 11. Rd1 Qf6 12. Bxd5 Qxf2+ 13. Kh1 O-O-O 14. Nc3 Rxd5 15. Nxd5 Qxe2 16. Qd3 Qxd3 17. Rxd3 Rd8 18. h4 Bd4 19. Be3 Rxd5 20. Kg1 Bxe3+ 21. Rxe3 Kd7 22. Kf2 {Meier,G (2629)-Nepomniachtchi,I (2779) chess.com INT 2023 0-1 (54)}) ({RR} 7... dxc4 8. Nxc6 Bxc6 9. Bxc6+ bxc6 10. Qa4 Qd5 11. Nc3 Qe6 12. Rd1 g6 13. Rd4 Bg7 14. Qxc4 Qe5 15. Qxc6+ {1-0 (15) Mkrtchyan,M (2344)-Jarocka,L (2199) FIDE Online Arena INT 2024}) 8. Nc3 dxc4 9. Nxc6 Bxc6 $146 ({RR} 9... bxc6 10. Qa4 Qc7 11. Bf4 e5 12. Bg5 Be7 13. Qxc4 O-O 14. Rfd1 Rac8 15. Rac1 Be6 16. Qa4 Qb6 17. Qc2 c5 18. Bxf6 Bxf6 19. Nd5 Bxd5 20. Bxd5 Rfe8 21. e4 Re7 22. b3 Rec7 23. Qc4 g6 24. h4 {Yashmetov,M (2375)-Bialiauski,A (1668) Orsha 2019 1-0 (42)}) 10. Bxc6+ bxc6 11. Qa4 Qc7 12. Qxc4 Be7 13. Be3 O-O 14. Rfc1 Qb7 15. Rab1 Nd5 16. Bd2 c5 17. Na4 Nb6 18. Qc2 Rac8 19. Nc3 Rfd8 20. Rd1 Nd5 21. h4 h6 22. Qe4 Rd7 23. Qg4 Nf6 24. Qa4 Rcd8 25. Be1 Rd4 26. Qc2 Ng4 27. Rxd4 Rxd4 28. e3 Rd8 29. Qe4 Qxe4 30. Nxe4 f5 31. Nc3 Ne5 32. Kf1 c4 33. Nb5 Kf7 34. Bc3 Bf6 35. Nxa7 Ng4 36. Nc6 Ra8 37. Bxf6 Kxf6 38. Nb4 Ra4 39. a3 c3 40. Nc2 cxb2 41. Rxb2 Rc4 42. Ke2 g5 43. hxg5+ hxg5 44. f3 Ne5 45. Nd4 Nd7 46. Rb7 Ke7 47. Ra7 Rc1 48. a4 Ra1 49. a5 Ra2+ 50. Kd1 Kd6 51. Ra6+ Kd5 52. Nxe6 g4 53. Nf4+ Kc5 54. fxg4 fxg4 55. Nd3+ Kc4 56. Rd6 Nb8 57. Ne5+ Kc3 58. Rd3+ Kb4 59. Rd5 Rg2 60. Rd2 Rxg3 61. Rb2+ Kxa5 62. Rxb8 Rg2 63. Rg8 g3 64. Ke1 Kb4 65. Kf1 Rf2+ 66. Kg1 Rf5 67. Nd3+ Kc3 68. Nf4 Kd2 69. Rxg3 Re5 70. Kf2 Re8 71. Rg7 1-0